| 000 | 00399nam a22001577a 4500 | ||
|---|---|---|---|
| 999 |
_c3077 _d3077 |
||
| 003 | OSt | ||
| 005 | 20181023200039.0 | ||
| 008 | 181023b ||||| |||| 00| 0 eng d | ||
| 020 | _a1578920035 | ||
| 040 | _cDLC | ||
| 082 | _a248 | ||
| 245 |
_aPrayer Points Press: _bPray More effectively / |
||
| 260 |
_aMunice, IN: _bPrayer Point Press, |
||
| 650 |
_aCatalogue _xPrayer Point Press |
||
| 942 |
_2ddc _cBK |
||